| 000 | 00736cab a2200253 4500 | ||
|---|---|---|---|
| 001 | WB3313-08 | ||
| 008 | 090401t1997 xxu||||| |||| 00| 0 eng d | ||
| 035 | _a(Sirsi) u77466 | ||
| 041 | _aeng | ||
| 245 | _aCompetitive economies | ||
| 260 | _c1997 | ||
| 350 | _a0 | ||
| 490 |
_aFinancial Times _v26 March 1997, 6(1) |
||
| 520 | _aA report by the IMD shows the US, Singapore and Hong Kong economies to be the most competitive while Britain and Nordic countries are becoming more attractive to foreign businesses. | ||
| 650 | _aBRITAIN | ||
| 650 | _aECONOMIES | ||
| 650 | _aHONG KONG | ||
| 650 | _aRANKING | ||
| 650 | _aSINGAPORE | ||
| 650 | _aUSA | ||
| 690 | _aECONOMIC AND SOCIAL | ||
| 942 | _n0 | ||
| 948 | _c27/03/1997 | ||
| 999 |
_c48706 _d48706 |
||